NBA Players from Washington - Statistics

General Stats
  • This quiz has been taken 12 times
    11 since last reset
  • The average score is 8 of 38
Answer Stats
Position Player Draft Year % Correct
PG Markelle Fultz 2017
86%
PG Isaiah Thomas 2011
71%
G Nate Robinson 2005
71%
F Bobby Jones 2006
57%
G Brandon Roy 2006
57%
FC Isaiah Stewart 2020
43%
PF Jaden McDaniels 2020
43%
SF Matisse Thybulle 2019
43%
C Spencer Hawes 2007
43%
C Steve Hawes 1972
43%
SG Dejounte Murray 2016
29%
SF Justin Holiday 2011
29%
SF Terrence Ross 2012
29%
SG C.J. Wilcox 2014
14%
F Jack Nichols 1948
14%
C James Edwards 1977
14%
SG Jaylen Nowell 2019
14%
PG Justin Dentmon 2009
14%
G Lorenzo Romar 1980
14%
PF Marquese Chriss 2016
14%
F Quincy Pondexter 2010
14%
C Todd MacCulloch 1999
14%
PG Tony Wroten 2012
14%
FC Bob Houbregs 1953
0%
PG Charles Dudley 1972
0%
C Chris Welp 1987
0%
G Dan Dickau 2002
0%
SF Detlef Schrempf 1985
0%
SG Eldridge Recanser 1990
0%
PF Jon Brockman 2009
0%
C Lars Hansen 1976
0%
G Louie Nelson 1973
0%
C Mark Pope 1996
0%
SG Nigel Williams-Goss 2017
0%
C Petur Gudmundsson 1981
0%
FC Phil Zevenbergen 1987
0%
C Rich Manning 1993
0%
G Will Conroy 2005
0%
No matching quizzes found
Score Distribution
Percent of People with Each Score
Percentile by Number Answered
Your Score History
You have not taken this quiz since the last reset